Les 10 meilleurs buteurs en 2015. - Statistiques

Statistiques générales
  • Ce quiz a été pris 315 fois
  • Le résultat moyen est 8 sur 10
Statistiques - réponses
Buts Joueurs Clubs % Correct
57 Cristiano Ronaldo Real
100%
52 Lionel Messi Barca
100%
45 Neymar Barca
99%
48 Luis Suarez Barca
97%
49 Robert Lewandowski Bayern
94%
46 Zlatan Ibrahimovic PSG
94%
36 Thomas Muller Bayern
79%
46 Pierre-Emerick Aubameyang Dortmund
65%
37 Gonzalo Higuain Napoli
57%
38 Aritz Aduriz Bilbao
38%
Aucun quiz correspondant
Distribution des résultats
% des personnes avec chaque résultat
Percentile par nombre de réponses
Votre historique - résultats
Vous n’avez pas pris ce quiz